[Event "Bratto op-B 32nd"]
[Site "Bratto"]
[Date "2012.08.24"]
[Round "7"]
[White "Sala, Giovanni"]
[Black "Gerola, Fausto"]
[Result "1/2-1/2"]
[WhiteElo "2022"]
[BlackElo "2199"]
[PlyCount "101"]
[EventDate "2012.08.18"]
[EventType "swiss"]
[EventRounds "9"]
[EventCountry "ITA"]
[SourceTitle "EXT 2014"]
[Source "ChessBase"]
[SourceDate "2013.11.20"]
[SourceVersion "1"]
[SourceVersionDate "2013.11.20"]
[SourceQuality "1"]

1. c4 e5 2. g3 Nf6 3. Bg2 Nc6 4. Nc3 Bb4 5. Nd5 Nxd5 6. cxd5 Nb8 7. e3 Qe7 8. a3 Ba5 9. Ne2 0-0 10. 0-0 d6 11. b4 Bb6 12. Nc3 a6 13. Qc2 f5 14. d3 Bd7 15. Bd2 Be8 16. Rac1 c5 17. Na4 Bxa4 18. Qxa4 Nd7 19. Qb3 Ba7 20. Kh1 b5 21. Qb1 Rac8 22. Bh3 Kh8 23. f3 Qg5 24. Qc2 Qh5 25. Kg2 Nb6 26. Qa2 c4 27. e4 fxe4 28. dxe4 Rc7 29. Bg4 Qe8 30. Be3 Na4 31. Bxa7 Rxa7 32. Qf2 Raf7 33. Be6 Rc7 34. Qe3 g6 35. f4 exf4 36. Qd4+ Rg7 37. gxf4 Qe7 38. Kh1 c3 39. e5 h6 40. Rf3 Kh7 41. Rcf1 Qc7 42. exd6 Qxd6 43. f5 gxf5 44. Bxf5+ Kh8 45. Qh4 Qf6 46. Qf2 Qg5 47. Be4 Rfg8 48. Rg3 Qe5 49. Rxg7 Qxg7 50. Qf5 c2 51. Qf2 1/2-1/2

[Event "Bratto op-B 32nd"]
[Site "Bratto"]
[Date "2012.08.20"]
[Round "3"]
[White "Sala, Giovanni"]
[Black "Gentili, Gianguido"]
[Result "0-1"]
[WhiteElo "2022"]
[BlackElo "2169"]
[PlyCount "64"]
[EventDate "2012.08.18"]
[EventType "swiss"]
[EventRounds "9"]
[EventCountry "ITA"]
[SourceTitle "EXT 2014"]
[Source "ChessBase"]
[SourceDate "2013.11.20"]
[SourceVersion "1"]
[SourceVersionDate "2013.11.20"]
[SourceQuality "1"]

1. c4 e5 2. g3 Nf6 3. Bg2 Nc6 4. Nc3 d6 5. e4 g6 6. Nge2 Bg7 7. 0-0 0-0 8. d3 Bd7 9. Nd5 Nxd5 10. cxd5 Ne7 11. Qb3 Rb8 12. Be3 c5 13. dxc6 Nxc6 14. Nc3 Be6 15. Nd5 f5 16. exf5 gxf5 17. f4 Kh8 18. Qa4 b5 19. Qa3 a5 20. Rac1 b4 21. Qa4 Bd7 22. Nf6 Rxf6 23. Bxc6 Bxc6 24. Rxc6 Rf7 25. Qb3 Rd7 26. Rfc1 exf4 27. Bxf4 Bd4+ 28. Kh1 Qe7 29. Qd5 Bxb2 30. Rc8+ Rxc8 31. Rxc8+ Rd8 32. Qxf5 Qb7+ 0-1

[Event "Bergamo op 11th"]
[Site "Bergamo"]
[Date "2012.07.15"]
[Round "5"]
[White "Fernandez Saavedra, Jose Luis"]
[Black "Sala, Giovanni"]
[Result "0-1"]
[WhiteElo "2099"]
[BlackElo "1996"]
[PlyCount "60"]
[EventDate "2012.07.13"]
[EventType "swiss"]
[EventRounds "6"]
[EventCountry "ITA"]
[SourceTitle "EXT 2014"]
[Source "ChessBase"]
[SourceDate "2013.11.20"]
[SourceVersion "1"]
[SourceVersionDate "2013.11.20"]
[SourceQuality "1"]

1. Nf3 c5 2. c4 Nc6 3. Nc3 g6 4. d4 cxd4 5. Nxd4 Bg7 6. e3 Nf6 7. g3 0-0 8. Bg2 Nxd4 9. exd4 e6 10. Bf4 d5 11. c5 b6 12. 0-0 bxc5 13. dxc5 Ba6 14. Re1 Qa5 15. Bd6 Rfd8 16. a3 Rxd6 17. cxd6 Qb6 18. d7 Nxd7 19. Nxd5 exd5 20. Qxd5 Rd8 21. Rad1 Bf6 22. Qc6 Qxc6 23. Bxc6 Nf8 24. Rxd8 Bxd8 25. Re8 Bf6 26. b3 Kg7 27. Bd5 Nd7 28. Ra8 Bd4 29. Rd8 Nf6 30. Bxf7 Bb6 0-1

[Event "Bergamo op 11th"]
[Site "Bergamo"]
[Date "2012.07.15"]
[Round "6"]
[White "Sala, Giovanni"]
[Black "Pescatore, Lorenzo"]
[Result "1-0"]
[WhiteElo "1996"]
[BlackElo "2201"]
[PlyCount "95"]
[EventDate "2012.07.13"]
[EventType "swiss"]
[EventRounds "6"]
[EventCountry "ITA"]
[SourceTitle "EXT 2014"]
[Source "ChessBase"]
[SourceDate "2013.11.20"]
[SourceVersion "1"]
[SourceVersionDate "2013.11.20"]
[SourceQuality "1"]

1. c4 c5 2. g3 g6 3. Bg2 Bg7 4. Nc3 Nc6 5. Nf3 e5 6. 0-0 Nge7 7. d3 0-0 8. a3 d6 9. Rb1 a5 10. Ne1 Be6 11. Bg5 f6 12. Be3 Qd7 13. Nc2 Bh3 14. b4 Bxg2 15. Kxg2 b6 16. bxc5 bxc5 17. Bd2 f5 18. Ne3 f4 19. Ned5 Nxd5 20. Nxd5 Nd4 21. f3 Ra6 22. Bc3 Nf5 23. Rb5 fxg3 24. hxg3 a4 25. e4 Ne7 26. Nxe7+ Qxe7 27. Qe2 h5 28. Bd2 Bf6 29. Qe3 Qf7 30. Qe2 Qe7 31. Qe3 Ra7 32. Rfb1 g5 33. Qe2 Qg7 34. g4 hxg4 35. fxg4 Bd8 36. Rf1 Rxf1 37. Qxf1 Rf7 38. Qe2 Qf6 39. Rb1 Rh7 40. Rb8 Kf7 41. Rb7+ Be7 42. Rb1 Qh6 43. Qf1+ Ke8 44. Qh1 Qg7 45. Qf1 Qh8 46. Rb8+ Bd8 47. Bxg5 Rh2+ 48. Kg3 1-0

[Event "Bergamo op 11th"]
[Site "Bergamo"]
[Date "2012.07.14"]
[Round "4"]
[White "Sala, Giovanni"]
[Black "Monjac, Mislav"]
[Result "1/2-1/2"]
[WhiteElo "1996"]
[BlackElo "2093"]
[PlyCount "139"]
[EventDate "2012.07.13"]
[EventType "swiss"]
[EventRounds "6"]
[EventCountry "ITA"]
[SourceTitle "EXT 2014"]
[Source "ChessBase"]
[SourceDate "2013.11.20"]
[SourceVersion "1"]
[SourceVersionDate "2013.11.20"]
[SourceQuality "1"]

1. c4 c5 2. g3 Nf6 3. Bg2 e6 4. Nf3 Nc6 5. 0-0 a6 6. Nc3 Qc7 7. b3 d6 8. Bb2 Be7 9. d4 cxd4 10. Nxd4 0-0 11. Rc1 Nxd4 12. Qxd4 Bd7 13. Rfd1 Rfd8 14. h3 Rac8 15. Qe3 Be8 16. Ne4 Nxe4 17. Qxe4 Bc6 18. Qg4 Bf8 19. Rd2 Bxg2 20. Kxg2 Qb8 21. Rcd1 b5 22. cxb5 axb5 23. e4 Qb7 24. Kh2 Rc6 25. f4 Ra6 26. f5 exf5 27. exf5 d5 28. a3 f6 29. b4 Rc6 30. Rd4 Rc2+ 31. R1d2 Qc6 32. Qe2 Rxd2 33. Rxd2 Re8 34. Qd3 Re1 35. Re2 Rxe2+ 36. Qxe2 Kf7 37. Qd3 Bd6 38. Qe2 Bc7 39. Bd4 Bb6 40. Bxb6 Qxb6 41. Kg2 Qc6 42. Kf2 g6 43. fxg6+ hxg6 44. Qd3 Kg7 45. Qe3 Qd7 46. Qd3 Qf5+ 47. Kg1 Qxh3 48. Qxd5 Qxg3+ 49. Kf1 Qf4+ 50. Kg2 Qg4+ 51. Kf2 Qf5+ 52. Qxf5 gxf5 53. a4 bxa4 54. b5 a3 55. b6 a2 56. b7 a1Q 57. b8Q Qd4+ 58. Kg2 Qe4+ 59. Kf2 f4 60. Qb3 Kh6 61. Qh3+ Kg5 62. Qh8 Qe3+ 63. Kf1 f5 64. Qg7+ Kh4 65. Qh7+ Kg4 66. Qg6+ Kh4 67. Qh6+ Kg3 68. Qg5+ Kh3 69. Qh5+ Kg3 70. Qg5+ 1/2-1/2

[Event "Milan Crespi op-B 32nd"]
[Site "Milan"]
[Date "2011.12.09"]
[Round "4"]
[White "Ciciotti, Augusto Walter"]
[Black "Sala, Giovanni"]
[Result "1/2-1/2"]
[WhiteElo "1917"]
[BlackElo "1985"]
[PlyCount "49"]
[EventDate "2011.12.07"]
[EventType "swiss"]
[EventRounds "7"]
[EventCountry "ITA"]
[SourceTitle "EXT 2022"]
[Source "ChessBase"]
[SourceDate "2021.10.06"]
[SourceVersion "1"]
[SourceVersionDate "2021.10.06"]
[SourceQuality "1"]

1. d4 f5 2. g3 Nf6 3. Bg2 e6 4. Nf3 d5 5. 0-0 Bd6 6. c4 c6 7. b3 Qe7 8. Bb2 0-0 9. Qc1 b6 10. Ba3 Bxa3 11. Nxa3 Bb7 12. Qb2 Nbd7 13. Rac1 Rfe8 14. Nc2 dxc4 15. bxc4 c5 16. Rfd1 Rad8 17. e3 Ne4 18. Qa3 a6 19. Qb3 Qd6 20. Nce1 Qc7 21. Nd3 Nd6 22. Nde5 Nxe5 23. Nxe5 Bxg2 24. Kxg2 Nf7 25. Nxf7 1/2-1/2

[Event "Milan Crespi op-B 32nd"]
[Site "Milan"]
[Date "2011.12.08"]
[Round "2"]
[White "Patrucco, Carlo"]
[Black "Sala, Giovanni"]
[Result "0-1"]
[WhiteElo "1884"]
[BlackElo "1985"]
[PlyCount "52"]
[EventDate "2011.12.07"]
[EventType "swiss"]
[EventRounds "7"]
[EventCountry "ITA"]
[SourceTitle "EXT 2022"]
[Source "ChessBase"]
[SourceDate "2021.10.06"]
[SourceVersion "1"]
[SourceVersionDate "2021.10.06"]
[SourceQuality "1"]

1. e4 c5 2. Nf3 d6 3. Bb5+ Bd7 4. Bxd7+ Qxd7 5. 0-0 Nc6 6. c3 Nf6 7. Qe2 e6 8. Rd1 Be7 9. d4 cxd4 10. cxd4 d5 11. e5 Ne4 12. Nbd2 Nxd2 13. Bxd2 0-0 14. Bg5 Bxg5 15. Nxg5 h6 16. Nh3 Rac8 17. Nf4 Qe7 18. Rd3 Qh4 19. g3 Qg5 20. h4 Qf5 21. Rad1 Nb4 22. Rf3 Rc2 23. Rd2 Rc1+ 24. Kg2 Qb1 25. Rc3 Re1 26. Qg4 Rg1+ 0-1

[Event "Milan Crespi op-B 32nd"]
[Site "Milan"]
[Date "2011.12.07"]
[Round "1"]
[White "Sala, Giovanni"]
[Black "Santini, Alberto"]
[Result "1/2-1/2"]
[WhiteElo "1985"]
[BlackElo "1872"]
[PlyCount "32"]
[EventDate "2011.12.07"]
[EventType "swiss"]
[EventRounds "7"]
[EventCountry "ITA"]
[SourceTitle "EXT 2022"]
[Source "ChessBase"]
[SourceDate "2021.10.06"]
[SourceVersion "1"]
[SourceVersionDate "2021.10.06"]
[SourceQuality "1"]

1. c4 e5 2. g3 f5 3. Bg2 Nf6 4. Nc3 Nc6 5. d3 Be7 6. e4 d6 7. Nge2 0-0 8. 0-0 Qe8 9. Nd5 Bd8 10. f3 Ne7 11. Be3 c6 12. Nxf6+ Rxf6 13. b4 Be6 14. c5 d5 15. d4 Bc7 16. dxe5 Bxe5 1/2-1/2

[Event "Vimercate op 5th"]
[Site "Vimercate"]
[Date "2011.11.27"]
[Round "4"]
[White "Panades, Ignazio"]
[Black "Sala, Giovanni"]
[Result "0-1"]
[WhiteElo "1737"]
[BlackElo "1985"]
[PlyCount "46"]
[EventDate "2011.11.25"]
[EventType "swiss"]
[EventRounds "5"]
[EventCountry "ITA"]
[SourceTitle "EXT 2014"]
[Source "ChessBase"]
[SourceDate "2013.11.20"]
[SourceVersion "1"]
[SourceVersionDate "2013.11.20"]
[SourceQuality "1"]

1. e4 c5 2. Nf3 d6 3. d4 cxd4 4. Nxd4 Nf6 5. Nc3 a6 6. Be2 e5 7. Nb3 Be7 8. 0-0 Nbd7 9. a4 0-0 10. Be3 b6 11. f4 Bb7 12. Bf3 Re8 13. Qd3 Qc7 14. Rad1 Rac8 15. Rfe1 Bf8 16. Nd2 Nc5 17. Qc4 Qb8 18. Qb4 d5 19. fxe5 Nd3 20. Qxb6 Nxe1 21. Rxe1 dxe4 22. exf6 exf3 23. gxf3 Rxe3 0-1

[Event "Bratto op 31st"]
[Site "Bratto"]
[Date "2011.08.27"]
[Round "8"]
[White "Angelini, Marco"]
[Black "Sala, Giovanni"]
[Result "1-0"]
[WhiteElo "2185"]
[BlackElo "1967"]
[PlyCount "127"]
[EventDate "2011.08.20"]
[EventType "swiss"]
[EventRounds "9"]
[EventCountry "ITA"]
[SourceTitle "EXT 2022"]
[Source "ChessBase"]
[SourceDate "2021.10.06"]
[SourceVersion "1"]
[SourceVersionDate "2021.10.06"]
[SourceQuality "1"]

1. e4 c5 2. Nf3 d6 3. d4 cxd4 4. Nxd4 Nf6 5. Nc3 a6 6. Bg5 e6 7. f4 Qc7 8. Qf3 b5 9. 0-0-0 b4 10. Nce2 Bb7 11. Ng3 Nbd7 12. Kb1 Rc8 13. Bd3 h5 14. Bh4 Qb6 15. Nb3 a5 16. Nc1 a4 17. Nce2 Be7 18. Rc1 d5 19. Bxf6 gxf6 20. exd5 h4 21. Nf1 f5 22. Ne3 Nf6 23. c4 Bc5 24. Nxf5 exf5 25. Bxf5 Rc7 26. Qd3 Re7 27. Ng1 Re3 28. Qd1 b3 29. a3 Rg8 30. Bh3 Ne4 31. Ne2 Nf2 32. Qd2 Nxh3 33. gxh3 Rg2 34. Rhe1 Bc8 35. Ka1 Bf5 36. Rc3 Kd7 37. d6 Rxc3 38. Qxc3 Bxa3 39. Qf6 Bxb2+ 40. Kxb2 a3+ 41. Kxa3 Qxd6+ 42. Qxd6+ Kxd6 43. Kxb3 Kc5 44. Ra1 Be6 45. Ra5+ Kb6 46. Rb5+ Kc7 47. Nd4 Rxh2 48. Nxe6+ fxe6 49. Rh5 Rxh3+ 50. Kb4 Rh1 51. Kc5 h3 52. Rh7+ Kb8 53. Kb6 Rb1+ 54. Kc6 Rf1 55. Rxh3 Rxf4 56. c5 e5 57. Rh8+ Ka7 58. Kd7 Rd4+ 59. Kc7 Rg4 60. Re8 Rg7+ 61. Kc8 Ka6 62. Re6+ Ka7 63. c6 Rh7 64. Rd6 1-0

[Event "Bratto op 31st"]
[Site "Bratto"]
[Date "2011.08.21"]
[Round "2"]
[White "Vrhovnik, Damir"]
[Black "Sala, Giovanni"]
[Result "1-0"]
[WhiteElo "2082"]
[BlackElo "1967"]
[PlyCount "65"]
[EventDate "2011.08.20"]
[EventType "swiss"]
[EventRounds "9"]
[EventCountry "ITA"]
[SourceTitle "EXT 2022"]
[Source "ChessBase"]
[SourceDate "2021.10.06"]
[SourceVersion "1"]
[SourceVersionDate "2021.10.06"]
[SourceQuality "1"]

1. Nf3 c5 2. c4 g6 3. d4 cxd4 4. Nxd4 Bg7 5. e4 Nc6 6. Nb3 Nf6 7. Nc3 d6 8. Be2 0-0 9. 0-0 Bd7 10. Be3 Rc8 11. f3 Na5 12. Nxa5 Qxa5 13. Qd2 Rfe8 14. a3 a6 15. b4 Qe5 16. Rac1 h5 17. Bf4 Qe6 18. Rfd1 Red8 19. Be3 Kh7 20. a4 h4 21. Bf1 Qe5 22. b5 axb5 23. Bd4 Qh5 24. cxb5 Bh6 25. Be3 b6 26. f4 Bg4 27. Re1 Rb8 28. h3 e5 29. hxg4 Nxg4 30. Be2 h3 31. Bxg4 Qxg4 32. Nd5 Kg7 33. Qf2 1-0

[Event "Lombardia Region-ch"]
[Site "Solaro"]
[Date "2011.05.28"]
[Round "3"]
[White "Coppola, Federico"]
[Black "Sala, Giovanni"]
[Result "0-1"]
[WhiteElo "1746"]
[BlackElo "1969"]
[PlyCount "44"]
[EventDate "2011.05.27"]
[EventType "swiss"]
[EventRounds "5"]
[EventCountry "ITA"]
[SourceTitle "EXT 2023"]
[Source "ChessBase"]
[SourceDate "2022.10.05"]
[SourceVersion "1"]
[SourceVersionDate "2022.10.05"]
[SourceQuality "1"]

1. e4 c5 2. Nf3 d6 3. d4 cxd4 4. Nxd4 Nf6 5. Nc3 a6 6. Bg5 e6 7. f4 Qc7 8. Qf3 b5 9. Bxf6 gxf6 10. f5 b4 11. Nce2 e5 12. Nb3 Nd7 13. 0-0-0 Bb7 14. Ng3 Rc8 15. Bd3 a5 16. Kb1 a4 17. Nd2 a3 18. Bc4 Bh6 19. Qh5 d5 20. Qxh6 dxc4 21. Qg7 Ke7 22. Rhe1 h5 0-1

[Event "Ceriano Laghetto op-B 20th"]
[Site "Ceriano Laghetto"]
[Date "2011.04.02"]
[Round "2"]
[White "Moroni, Luca Jr"]
[Black "Sala, Giovanni"]
[Result "0-1"]
[WhiteElo "1815"]
[BlackElo "1964"]
[PlyCount "58"]
[EventDate "2011.04.01"]
[EventType "swiss"]
[EventRounds "5"]
[EventCountry "ITA"]
[SourceTitle "EXT 2023"]
[Source "ChessBase"]
[SourceDate "2022.10.05"]
[SourceVersion "1"]
[SourceVersionDate "2022.10.05"]
[SourceQuality "1"]

1. e4 c5 2. Nf3 d6 3. d4 cxd4 4. Nxd4 Nf6 5. Nc3 a6 6. Be2 e5 7. Nb3 Be7 8. 0-0 0-0 9. Be3 Nbd7 10. f4 b5 11. Bf3 Bb7 12. a3 Qc7 13. Qe2 Rfe8 14. f5 d5 15. exd5 e4 16. Bxe4 Bd6 17. Bd3 Bxh2+ 18. Kh1 Ne5 19. Qd2 Nh5 20. Rf3 Nxf3 21. gxf3 Bf4 22. Bxf4 Qxf4 23. Qxf4 Nxf4 24. Be4 Rad8 25. Rd1 Rd6 26. Nc5 Ba8 27. Nd3 Nxd5 28. Nc5 Rh6+ 29. Kg2 Ne3+ 0-1

[Event "Bratto op-B 28th"]
[Site "Bratto"]
[Date "2008.08.23"]
[Round "1"]
[White "Sala, Giovanni"]
[Black "Regorda, Vittorio"]
[Result "1-0"]
[WhiteElo "1970"]
[BlackElo "1859"]
[PlyCount "79"]
[EventDate "2008.08.23"]
[EventType "swiss"]
[EventRounds "9"]
[EventCountry "ITA"]
[SourceTitle "EXT 2011"]
[Source "ChessBase"]
[SourceDate "2010.11.26"]
[SourceVersion "1"]
[SourceVersionDate "2010.11.26"]
[SourceQuality "1"]

1. Nf3 Nf6 2. g3 d5 3. Bg2 c5 4. 0-0 Nc6 5. d3 e6 6. Nbd2 Be7 7. e4 dxe4 8. dxe4 e5 9. c3 0-0 10. Re1 Bg4 11. h3 Be6 12. Bf1 Qc8 13. Kh2 Rd8 14. Qc2 h6 15. Nc4 Qc7 16. a4 Rd7 17. Be3 Rad8 18. Nfd2 Nh7 19. f4 exf4 20. Bxf4 Qc8 21. Nf3 Ng5 22. Nxg5 hxg5 23. Be3 Qc7 24. Rad1 Ne5 25. Nxe5 Qxe5 26. Rxd7 Rxd7 27. c4 Bd6 28. Bf2 g6 29. Re3 f6 30. Be1 g4 31. Bc3 Qh5 32. Bxf6 gxh3 33. e5 Bf5 34. Bd3 Be7 35. Bxf5 Qxf5 36. Qxf5 gxf5 37. Bxe7 Rxe7 38. Kxh3 Kf7 39. Kg2 Rd7 40. e6+ 1-0

[Event "Bratto op-B 27th"]
[Site "Bratto"]
[Date "2007.08.27"]
[Round "4"]
[White "Sala, Giovanni"]
[Black "Hunt, Daniel"]
[Result "1/2-1/2"]
[WhiteElo "1935"]
[BlackElo "1754"]
[PlyCount "64"]
[EventDate "2007.08.24"]
[EventType "swiss"]
[EventRounds "8"]
[EventCountry "ITA"]
[SourceTitle "CBM 120 Extra"]
[Source "ChessBase"]
[SourceDate "2007.11.01"]
[SourceVersion "1"]
[SourceVersionDate "2007.11.01"]
[SourceQuality "1"]

1. Nf3 Nf6 2. g3 g6 3. Bg2 Bg7 4. 0-0 0-0 5. d3 d5 6. Nbd2 c5 7. e4 Nc6 8. Re1 e5 9. exd5 Nxd5 10. Nc4 Re8 11. c3 b5 12. Ne3 Nxe3 13. Bxe3 Qd6 14. Ng5 Be6 15. Ne4 Qc7 16. Nxc5 Rad8 17. Nxe6 Rxe6 18. Qb3 a6 19. Rad1 Red6 20. Bg5 R8d7 21. Bh3 Na5 22. Qc2 f5 23. b4 Nc6 24. Qb3+ Kh8 25. d4 h6 26. Bc1 a5 27. dxe5 Nxe5 28. Bg2 Rxd1 29. Rxd1 Rxd1+ 30. Qxd1 Qxc3 31. bxa5 Qxa5 32. Qd2 Qa4 1/2-1/2

[Event "Bergamo op 06th"]
[Site "Bergamo"]
[Date "2007.07.20"]
[Round "1"]
[White "Peric, Slavisa"]
[Black "Sala, Giovanni"]
[Result "1-0"]
[WhiteElo "2266"]
[BlackElo "1935"]
[PlyCount "31"]
[EventDate "2007.07.20"]
[EventType "swiss"]
[EventRounds "6"]
[EventCountry "ITA"]
[SourceTitle "EXT 2024"]
[Source "ChessBase"]
[SourceDate "2023.10.10"]
[SourceVersion "1"]
[SourceVersionDate "2023.10.10"]
[SourceQuality "1"]

1. d4 f5 2. Nc3 e6 3. e4 fxe4 4. Nxe4 Nf6 5. Bd3 Be7 6. Nf3 Nc6 7. c3 0-0 8. Qe2 b6 9. Nfg5 g6 10. Nxf6+ Bxf6 11. Nxh7 Kxh7 12. Qh5+ Kg8 13. Qxg6+ Bg7 14. Bg5 Ne7 15. Qh7+ Kf7 16. Qh5+ 1-0

[Event "ITA-ch U20"]
[Site "Bratto"]
[Date "2006.08.23"]
[Round "5"]
[White "Valsecchi, Alessio"]
[Black "Sala, Giovanni"]
[Result "1-0"]
[WhiteElo "2004"]
[BlackElo "1968"]
[PlyCount "46"]
[EventDate "2006.08.19"]
[EventType "swiss"]
[EventRounds "9"]
[EventCountry "ITA"]
[SourceTitle "CBM 113 Extra"]
[Source "ChessBase"]
[SourceDate "2006.09.14"]
[SourceVersion "1"]
[SourceVersionDate "2006.09.14"]
[SourceQuality "1"]

1. e4 c5 2. Nf3 d6 3. d4 cxd4 4. Nxd4 Nf6 5. Nc3 a6 6. Bc4 e6 7. Bb3 Nbd7 8. 0-0 Nc5 9. f4 Be7 10. e5 dxe5 11. fxe5 Nxb3 12. axb3 Bc5 13. Be3 Nd5 14. Bf2 Nxc3 15. bxc3 Rb8 16. Kh1 Qc7 17. Qg4 g6 18. Bh4 Be7 19. Bxe7 Qxe7 20. Qf4 h5 21. Nf3 Bd7 22. Ng5 Rf8 23. Ne4 Kd8 1-0

[Event "ITA-ch U20"]
[Site "Bratto"]
[Date "2006.08.22"]
[Round "4"]
[White "Sala, Giovanni"]
[Black "Bonafede, Alessandro"]
[Result "1/2-1/2"]
[WhiteElo "1968"]
[BlackElo "2175"]
[PlyCount "135"]
[EventDate "2006.08.19"]
[EventType "swiss"]
[EventRounds "9"]
[EventCountry "ITA"]
[SourceTitle "CBM 113 Extra"]
[Source "ChessBase"]
[SourceDate "2006.09.14"]
[SourceVersion "1"]
[SourceVersionDate "2006.09.14"]
[SourceQuality "1"]

1. e4 c5 2. Nf3 Nc6 3. d4 cxd4 4. Nxd4 Nf6 5. Nc3 e5 6. Ndb5 d6 7. Bg5 a6 8. Na3 b5 9. Nd5 Be7 10. Bxf6 Bxf6 11. c3 Bg5 12. Nc2 Rb8 13. a4 bxa4 14. Ncb4 Nxb4 15. Nxb4 Bd7 16. Bxa6 Qa5 17. Qxd6 Rb6 18. Qd3 Be7 19. Rd1 Be6 20. Bc4 0-0 21. Bxe6 fxe6 22. 0-0 Bxb4 23. cxb4 Qxb4 24. Qc2 Qb5 25. Rd2 Rc6 26. Qd3 Qxd3 27. Rxd3 Rb8 28. Rd7 Rxb2 29. Ra7 Rc4 30. Rd1 Rd4 31. Rc1 Rbd2 32. Kf1 Rd1+ 33. Rxd1 Rxd1+ 34. Ke2 Rd4 35. Ke3 Rb4 36. f3 h5 37. Kf2 h4 38. g3 Rb2+ 39. Kg1 h3 40. Rxa4 Rg2+ 41. Kh1 Kf7 42. Ra3 Kf6 43. Rd3 Ke7 44. f4 Kf6 45. Re3 g6 46. Rd3 Re2 47. Kg1 exf4 48. gxf4 Rxe4 49. Rxh3 Rxf4 50. Re3 e5 51. Kg2 e4 52. Kg3 Ke5 53. Ra3 Rf1 54. Kg2 Rf5 55. Ra8 Kd4 56. Ra4+ Ke3 57. Ra3+ Kf4 58. Ra4 Rb5 59. Ra8 g5 60. Rf8+ Ke3 61. Ra8 Rb2+ 62. Kg3 Rb1 63. Ra3+ Ke2 64. Kg2 e3 65. Ra2+ Kd1 66. Kf3 Rb3 67. Ra1+ Kd2 68. Ra2+ 1/2-1/2

[Event "ITA-ch U20"]
[Site "Bratto"]
[Date "2006.08.19"]
[Round "1"]
[White "Saini, Stefano"]
[Black "Sala, Giovanni"]
[Result "0-1"]
[WhiteElo "1440"]
[BlackElo "1968"]
[PlyCount "120"]
[EventDate "2006.08.19"]
[EventType "swiss"]
[EventRounds "9"]
[EventCountry "ITA"]
[SourceTitle "CBM 113 Extra"]
[Source "ChessBase"]
[SourceDate "2006.09.14"]
[SourceVersion "1"]
[SourceVersionDate "2006.09.14"]
[SourceQuality "1"]

1. Nf3 d5 2. d4 Nf6 3. Nc3 Bf5 4. Bf4 c6 5. e3 e6 6. Bd3 Bd6 7. Bxd6 Qxd6 8. Bxf5 exf5 9. h3 Nbd7 10. Na4 Ne4 11. Rg1 b5 12. Nc5 Ndxc5 13. dxc5 Qxc5 14. c3 f4 15. Qd4 fxe3 16. fxe3 0-0 17. Qxc5 Nxc5 18. 0-0-0 Rfe8 19. Rge1 g6 20. g4 f6 21. h4 Ne4 22. Rd4 Rad8 23. Nd2 Kf7 24. Nxe4 Rxe4 25. Rxe4 dxe4 26. Kc2 Ke6 27. Rf1 Rd3 28. g5 f5 29. Re1 Ke5 30. Kc1 a6 31. a3 a5 32. Kc2 a4 33. b3 axb3+ 34. Kxb3 c5 35. Kc2 Kd5 36. Kb3 Rd2 37. Rh1 Rd3 38. Re1 Rd2 39. Rh1 c4+ 40. Kb4 Rb2+ 41. Ka5 Rb3 42. a4 bxa4 43. Kxa4 Rxc3 44. h5 Rxe3 45. Rd1+ Rd3 46. hxg6 hxg6 47. Rb1 Rg3 48. Rd1+ Ke5 49. Kb4 c3 50. Rc1 f4 51. Ra1 f3 52. Kxc3 f2+ 53. Kd2 Rg1 54. Ke2 Rxa1 55. Kxf2 Kf4 56. Kg2 Ra2+ 57. Kf1 e3 58. Ke1 Rd2 59. Kf1 Kf3 60. Ke1 Rd3 0-1

[Event "Bergamo Province-ch"]
[Site "Bergamo"]
[Date "2002.11.29"]
[Round "8"]
[White "Sala, Giovanni"]
[Black "Biava, Pierluigi"]
[Result "1/2-1/2"]
[WhiteElo "1600"]
[BlackElo "1606"]
[PlyCount "42"]
[EventDate "2002.10.04"]
[EventType "swiss"]
[EventRounds "8"]
[EventCountry "ITA"]
[SourceTitle "EXT 2024"]
[Source "ChessBase"]
[SourceDate "2023.10.10"]
[SourceVersion "1"]
[SourceVersionDate "2023.10.10"]
[SourceQuality "1"]

1. e4 d6 2. Nf3 Nf6 3. Nc3 h6 4. d4 c6 5. Be2 Bg4 6. 0-0 Nbd7 7. Be3 b5 8. Nd2 Bxe2 9. Qxe2 e5 10. d5 b4 11. dxc6 bxc3 12. cxd7+ Qxd7 13. bxc3 Ng4 14. Rfd1 Nxe3 15. Qxe3 Be7 16. Rab1 0-0 17. Qd3 Qe6 18. Qa6 Rfc8 19. Rb3 Bd8 20. Nb1 Bb6 21. Na3 Rc6 1/2-1/2